| 000 | 02074 a2200385 4500 | ||
|---|---|---|---|
| 001 | OB-res-8735 | ||
| 003 | FrMaCLE | ||
| 005 | 20251214082827.0 | ||
| 007 | cu ||||||m|||| | ||
| 008 | 211121e||||||||xx |||||s|||||||||0|it|d | ||
| 020 | _a978-88-7885-986-9 | ||
| 024 | 7 |
_a10.4000/books.res.8735 _2doi |
|
| 040 | _aFR-FrMaCLE | ||
| 041 | _aita | ||
| 100 | 1 | _aChiurazzi, Gaetano | |
| 245 | 1 | 0 |
_aSeconda natura : _bDa Lascaux al digitale / _cGaetano Chiurazzi. |
| 260 |
_aTorino : _bRosenberg & Sellier, _c2021. |
||
| 300 | _a149 p. | ||
| 500 | _aEbook | ||
| 520 | _a L’arte preistorica rappresenta il momento aurorale di ciò che, con Hegel, possiamo chiamare “seconda natura”: il mondo delle oggettivazioni dello spirito che strutturano la nostra vita sociale, etica e politica, delle istituzioni che danno forma alla vita umana, a partire dalla rappresentazione della realtà e dalle produzioni della tecnica, fino alle contemporanee tecnologie digitali. La domanda che questo libro pone è come sia stato possibile il passaggio a questa secondarietà e che cosa essa significhi, ovvero: com’è possibile il due e come si deve intendere questa duplicazione? Diversamente da quanto accade nei vari monismi e naturalismi che percorrono la scena filosofica contemporanea, che tendono a obliterare ogni forma di dualità, quel che qui si sostiene è che un certo dualismo è in fondo imprescindibile. Un dualismo non sostanziale ma modale: quello che produce la differenza tra fatto e significato, realtà e idea, attualità e possibilità, prima e seconda natura. | ||
| 540 |
_aCC-BY-NC-ND-4.0 _uhttps://creativecommons.org/licenses/by-nc-nd/4.0/ |
||
| 650 | 4 | _aArt | |
| 650 | 4 | _aPhilosophy | |
| 650 | 4 | _afilosofia | |
| 650 | 4 | _aarte | |
| 650 | 4 | _atecnologia digitale | |
| 650 | 4 | _aphilosophie | |
| 650 | 4 | _aart | |
| 650 | 4 | _atechnologie numérique | |
| 650 | 4 | _aphilosophy | |
| 650 | 4 | _aart | |
| 650 | 4 | _adigital technology | |
| 776 | _z978-88-7885-983-8 | ||
| 856 | 4 |
_eChiurazzi, Gaetano _uhttps://books.openedition.org/res/8735 _ySeconda natura |
|
| 999 |
_c14365 _d14365 |
||